000 00494nam a2200157Ia 4500
005 20250508154222.0
008 008 250505s9999 xx 000 0 eng d
037 _aBooks to be hide in OPAC
040 _aFEDL
_beng
_cFEDL
041 _aeng
_2eng
084 _a371.1, TEA/O
_qFEDL
245 0 _aTeachers world and schoolmistress incorporating secondary education. July - Dec. 1952
546 _aWednesday July 2, 1952
942 _cHB
_h371.1, TEA/O
999 _c1348728
_d1348728